000
00213nam a22000977a 4500
100
_a
Delhi
_9
17234
245
_a
Eco - Tourism
260
_a
Delhi
_b
Rupa Prakashan
_c
2019
650
_a
Einveronment
_9
80130
942
_c
BK
999
_c
63593
_d
63593